Propuesta básica de una ontología informática de muestreo estadístico
Enregistré dans:
| Auteur principal: | |
|---|---|
| Autres auteurs: | |
| Format: | Livre |
| Publié: |
[San José, Costa Rica]
2008
|
| Sujets: | |
| Tags: |
Ajouter un tag
Pas de tags, Soyez le premier à ajouter un tag!
|
MARC
| LEADER | 00000nam a2200000Ia 4500 | ||
|---|---|---|---|
| 003 | 001188 | ||
| 005 | 20221231144057.0 | ||
| 008 | 140114s2008 cr a 000 ||s d | ||
| 040 | |c cru CEDI | ||
| 090 | |a TFG 5711 | ||
| 100 | |a Llobet Matamoros, Pablo |9 4225 | ||
| 245 | |a Propuesta básica de una ontología informática de muestreo estadístico | ||
| 260 | |c 2008 |b [San José, Costa Rica] | ||
| 300 | |a 109, [80] hojas; ilustraciones a color | ||
| 500 | |a Proyecto de graduación (licenciatura en ingeniería industrial)--Universidad de Costa Rica. Facultad de Ingeniería. Escuela de Ingeniería Industrial | ||
| 650 | |x MUESTREO (ESTADISTICA) |x PROGRAMAS PARA COMPUTADORA |x ONTOLOGIA |x GESTION DEL CONOCIMIENTO |9 4226 | ||
| 700 | |a Cartín Ocampo, José |9 4227 | ||
| 942 | |c TFG | ||
| 999 | |c 16548 |d 16548 | ||
